| 000 | 00354nam a2200133Ia 4500 | ||
|---|---|---|---|
| 008 | 240624s9999 xx 000 0 und d | ||
| 041 | _aeng | ||
| 082 | _a338.76 ELM | ||
| 100 | _aELMORE BARTOW J | ||
| 245 | _aCITIZEN COKE THE MAKING OF COCA COLA CAP | ||
| 260 |
_c2016 _aNew York _bW W Norton & Company |
||
| 300 | _aix, 416 p.; 23 cm. | ||
| 365 |
_c _b35 |
||
| 999 |
_c31547 _d31547 |
||